LEADER 01835namaa2200337 i 4500 001 000000178703 003 CaOOAMICUS 005 20260511144926.0 007 tu 008 260511s2026 it m 001 udspa r 040 $aPUL$bita$erda 100 1 $aMuñoz Ramirez, Jesus,$d1967-,$eautore dissertazione.$0(OLS)http://pul/name/114993 245 10$aDe la ética médica a la bioética personalista ontológicamente fundada :$bla propuesta de Elio Sgreccia /$cJesus Muñoz Ramirez. 264 1$aRoma :$b[s.n.],$c2026. 300 $a129 pagine ;$c24 cm 336 $atesto$btxt$2rdacontent 337 $asenza mediazione$bn$2rdamedia 338 $avolume$bnc$2rdacarrier 500 $a In testa al frontespizio: Pontificium Institutum Theologicum Ioannes Paulus II Pro Scientiis De Matrimonio et Familia apud Pontificiam Universitatem Lateranensem. 502 $aEstratto della Tesi di dottorato in S. Teologia del matrimonio e della famiglia-- Pontificio Istituto Teologico Giovanni Paolo II per le scienze del matrimonio e della famiglia, 2026. 504 $aBibliografia : pagine 107-126. 600 14$aSgreccia, Elio,$d1928-$0(OLS)http://pul/subject/39326 650 4$aEtica medica.$0(OLS)http://pul/subject/38158 650 4$aBioetica.$0(OLS)http://pul/subject/2868 710 2 $aPontificio Istituto Giovanni Paolo II per Studi su Matrimonio e Famiglia.$kTesi.$0(OLS)http://pul/name/82125 850 $aPUL 852 $aPUL$W1$xDP1 Tesi Ist.Giovanni Paolo II$y67$m2026 B 1$j202332$qTesi$B207897$CPULBib$Z2$F207897 $Hnull $82 941 1 $a16 996 $6245$aDe la ética médica a la bioética personalista ontológicamente fundada :$bla propuesta de Elio Sgreccia$9(OLS)http://pul/title/220280 996 $6264$aRoma :$b[s.n.]$9(OLS)http://pul/publisher/47958